Statystyki dla White 2115 - Rockstar

Kliknij tutaj aby rozwiązać quiz!

Ogólne statystyki

  • Ten quiz został rozwiązany 89 razy
  • Średni wynik to 9 z 14

Statystyki odpowiedzi

NumerTytułGość% Poprawnych
5Rockstar
89%
3California
88%
11Nowi kumpleBedoes & Kuqe 2115
82%
6La vida loca
74%
4Jaki ojciec taki syn
68%
7Noc
63%
12Sos mulaBiałas
62%
2Kurt Cobain
60%
1Balmain
58%
9Jim Morrison
58%
13Sen
58%
10Cry Baby
56%
14Legenda
55%
8Anioł stróż
53%

Rozkład punktacji

Percentyl według liczby udzielonych odpowiedzi

Procent ludzi z każdym wynikiem

Twoja historia wyników

Nie rozwiązałeś tego quizu